Najlepsi gracze NBA aktualnie - Statystyki

Ogólne statystyki
  • Ten quiz został rozwiązany 233 razy
  • Średni wynik to 13 z 20
Statystyki odpowiedzi
Hint Odpowiedź % Poprawnych
9. LeBron James
98%
1. Nikola Jokić
92%
10. Stephen Curry
91%
2. Luka Doncić
89%
11. Kevin Durant
82%
8. Jayson Tatum
79%
6. Giannis Antetokounmpo
71%
12. Anthony Davis
70%
5. Joel Embiid
68%
4. Anthony Edwards
67%
3. Shai Gilgeous-Alexander
67%
18. Jaylen Brown
67%
14. Kyrie Irving
62%
13. Devin Booker
57%
16. Victor Wembanyama
56%
15. Ja Morant
54%
20. Tyrese Haliburton
49%
7. Jalen Brunson
44%
17. Jamal Murray
36%
19. De'Aaron Fox
30%
Nie znaleziono quizów pasujących do podanych kryteriów
Rozkład punktacji
Procent ludzi z każdym wynikiem
Percentyl według liczby udzielonych odpowiedzi
Twoja historia wyników
Nie rozwiązałeś tego quizu